=LDR 00000nam 2200000 4500 =001 INLIS000000000038314 =005 20130612144003 =008 ***********************************Ind** =035 ##$$0010-061300000038314 =041 ##$$a Ind =082 ##$$a 641.5 =090 ##$$a 641.5, Erw g =100 ##$$a Erwin, Lilly T =245 ##$$a Gemar makan ikan, 25 resep olahan ikan tuna =260 ##$$a 2011 $b Jakarta =300 ##$$a 64 hlm, Ilus, 21 cm =650 ##$$a Masakan, Resep =700 ##$$a Hardiman, Intarina =850 ##$$a NBPNMAT